[Event "Tournoi Skype 012B"]
[Site "Skype"]
[Date "????.??.??"]
[Round "7.2"]
[White "Mordaa, Ahmad"]
[Black "Prasad Singh, Ambika"]
[Result "0-1"]
[WhiteElo "1377"]
[BlackElo "1376"]
[PlyCount "138"]

1. Nf3 c5 2. c4 Nc6 3. e3 d6 4. d4 cxd4 5. exd4 e6 6. Nc3 Nf6 7. g3 d5 8. c5 b6
9. cxb6 axb6 10. Bg2 Ba6 11. a3 b5 12. b4 Bd6 13. O-O O-O 14. Bg5 h6 15. Be3
Ng4 16. Nd2 Rb8 17. Qxg4 g5 18. h4 Be7 19. f4 f5 20. Qh5 Kg7 21. hxg5 hxg5 22.
fxg5 Rh8 23. Qf3 Bxg5 24. Kf2 Qf6 25. Ne2 Ne7 26. Nf4 Kf7 27. Rh1 Ng6 28. Nxg6
Qxg6 29. Bxg5 Qxg5 30. Qf4 Qxf4+ 31. gxf4 Ke7 32. Rh3 Rxh3 33. Bxh3 Rh8 34. Rh1
Bc8 35. Nf3 Bd7 36. Bg2 Rg8 37. Rh7+ Kd6 38. Ne5 Be8 39. Rd7+ Bxd7 40. Bf1 Rb8
41. Bg2 Be8 42. Bf3 Rc8 43. Be2 Rc3 44. Nd3 Rxa3 45. Nc5 Ra2 46. Ke3 Rb2 47.
Na6 Bd7 48. Kd3 Bc8 49. Nc5 Rxb4 50. Kc3 Rb1 51. Kc2 Rh1 52. Kd2 b4 53. Bd1 Bd7
54. Nd3 Rh2+ 55. Ke3 Rh3+ 56. Kd2 Bb5 57. Nxb4 Ke7 58. Nc2 Rd3+ 59. Ke1 Ba4 60.
Ke2 Rc3 61. Kd2 Rh3 62. Ne1 Bxd1 63. Kxd1 Kf6 64. Ke2 Kg6 65. Nf3 Kh5 66. Ne5
Kh4 67. Ng6+ Kg4 68. Kd2 Rh6 69. Ne5+ Kxf4 0-1

[Event "Tournoi Skype 012B"]
[Site "Skype"]
[Date "????.??.??"]
[Round "7.3"]
[White "Grib, Johannes"]
[Black "Picard, Mario"]
[Result "1-0"]
[WhiteElo "1357"]
[BlackElo "1272"]
[PlyCount "89"]

1. e4 e5 2. Nf3 Nf6 3. Bc4 d5 4. exd5 Nxd5 5. O-O Nf6 6. Re1 Bd6 7. Ng5 O-O 8.
Nc3 h6 9. Nge4 Nxe4 10. Nxe4 Be7 11. d3 Nd7 12. Ng3 Nf6 13. Nh5 Nxh5 14. Qxh5
Be6 15. Bxe6 fxe6 16. Qg4 Qd6 17. Bxh6 Rf7 18. Re3 Qb6 19. b3 Bc5 20. d4 exd4
21. Rxe6 Qxe6 22. Qxe6 gxh6 23. Re1 Raf8 24. Re5 Ba3 25. Qxh6 Be7 26. Rh5 Bf6
27. Qg6+ Rg7 28. Qe4 c6 29. Qe6+ Rff7 30. Rh6 Bg5 31. Rg6 Bd8 32. Qe8+ Rf8 33.
Rxg7+ Kxg7 34. Qd7+ Kg8 35. Qxd4 b6 36. Qc4+ Kg7 37. Qxc6 Be7 38. g4 Rf4 39. h3
Rd4 40. Qc3 Bf6 41. Qc7+ Kg6 42. Kg2 Rd2 43. a4 Bd4 44. Qd6+ Kf7 45. Qf4+ 1-0

[Event "Tournoi Skype 012B"]
[Site "Skype"]
[Date "????.??.??"]
[Round "7.4"]
[White "Ramirez Reina, Orlando"]
[Black "Tamditi, Ibrahim"]
[Result "1-0"]
[WhiteElo "1469"]
[BlackElo "1220"]
[PlyCount "55"]

1. d4 d5 2. c4 dxc4 3. e4 b5 4. a4 c6 5. axb5 cxb5 6. Nc3 Bd7 7. Be3 a6 8. Nf3
e6 9. d5 Bb4 10. dxe6 Bxc3+ 11. bxc3 Bxe6 12. Qxd8+ Kxd8 13. Rd1+ Ke7 14. h3
Nc6 15. Bc5+ Ke8 16. Be2 Rd8 17. O-O Rxd1 18. Rxd1 Nf6 19. e5 Ne4 20. Bd4 Nxd4
21. Rxd4 Nxc3 22. Kf1 Nxe2 23. Kxe2 Ke7 24. Rd6 Bc8 25. Rc6 Rd8 26. Rc7+ Ke6
27. Ng5+ Kxe5 28. Nxf7+ 1-0

[Event "Tournoi Skype 012B"]
[Site "Skype"]
[Date "????.??.??"]
[Round "7.5"]
[White "Maneval, Dustin"]
[Black "Vincent, Andre"]
[Result "1-0"]
[WhiteElo "1399"]
[BlackElo "1360"]
[PlyCount "91"]

1. e4 c5 2. d3 d6 3. g3 Nf6 4. Bg2 e5 5. f4 Nc6 6. Ne2 Be7 7. Nd2 Bg4 8. f5 Nd4
9. Bf1 Nf3+ 10. Nxf3 Bxf3 11. Rg1 Ng4 12. h3 Nh2 13. Bg2 Bxg2 14. Rxg2 Nf3+ 15.
Kf2 Nd4 16. Be3 Nxe2 17. Qxe2 O-O 18. Qg4 Kh8 19. Ke2 Bf6 20. h4 a6 21. a3 b5
22. Qh3 Rc8 23. g4 g6 24. Bh6 Re8 25. g5 Bg7 26. Bxg7+ Kxg7 27. f6+ Kh8 28. Rh1
Rg8 29. h5 h6 30. hxg6 Rxg6 31. Qg4 Qg8 32. Qd7 Qf8 33. Rxh6+ Rxh6 34. gxh6 Rd8
35. Qg4 Qxh6 36. Qg7+ Qxg7 37. Rxg7 Rf8 38. Kf3 a5 39. Kg4 c4 40. dxc4 bxc4 41.
Kh5 a4 42. Kh6 Rb8 43. Rxf7 Kg8 44. Rc7 Rxb2 45. Kg6 Rxc2 46. Rc8# 1-0

[Event "Tournoi Skype 012B"]
[Site "Skype"]
[Date "????.??.??"]
[Round "7.6"]
[White "Yeter, Orhan"]
[Black "Capdeville, Jean"]
[Result "1/2-1/2"]
[WhiteElo "1345"]
[BlackElo "1341"]
[PlyCount "99"]

1. e4 e5 2. Nf3 d6 3. Bc4 Nd7 4. Nc3 Ngf6 5. d3 h6 6. Be3 Be7 7. Qd2 b6 8. d4
Bb7 9. d5 a6 10. a4 O-O 11. h4 Nh7 12. g4 c6 13. dxc6 Bxc6 14. g5 hxg5 15. hxg5
g6 16. O-O-O Kg7 17. Rh6 b5 18. Bd5 Bxd5 19. exd5 Rh8 20. Rdh1 bxa4 21. Nxa4
Qb8 22. Ne1 Qb7 23. f4 exf4 24. Bd4+ f6 25. Nf3 Rab8 26. Qxf4 Qb4 27. gxf6+
Bxf6 28. Bxf6+ Ndxf6 29. Qxb4 Rxb4 30. Nc3 Rg4 31. Nh2 Rg3 32. Nf1 Rg5 33. R6h4
Rg4 34. Rxg4 Nxg4 35. Rh4 Nhf6 36. Rxh8 Kxh8 37. Nd2 Ne3 38. b4 Nexd5 39. Nxd5
Nxd5 40. c3 Nxc3 41. Kc2 Nd5 42. Kb3 g5 43. Nc4 g4 44. Nxd6 g3 45. Nf7+ Kg7 46.
Ne5 g2 47. Nf3 Kf6 48. Kc4 Nxb4 49. Kxb4 Kf5 50. Nh4+ 1/2-1/2

[Event "Tournoi Skype 012B"]
[Site "Skype"]
[Date "????.??.??"]
[Round "7.7"]
[White "Sauvaget, Joel"]
[Black "Vello, Pablo"]
[Result "1-0"]
[WhiteElo "1213"]
[BlackElo "1399"]
[PlyCount "93"]

1. d4 Nf6 2. c4 d5 3. e3 e6 4. Nf3 Ne4 5. Be2 Bb4+ 6. Bd2 Bxd2+ 7. Nbxd2 Nxd2
8. Qxd2 Nd7 9. Qb4 Qe7 10. Qxe7+ Kxe7 11. O-O Re8 12. Rac1 c6 13. c5 Nf6 14.
Bd3 Kf8 15. Ne5 Ne4 16. Bxe4 dxe4 17. h3 f6 18. Nc4 e5 19. dxe5 fxe5 20. Nd6
Rd8 21. Rcd1 Be6 22. b3 Rd7 23. Nxe4 Rad8 24. Nd6 a5 25. Rc1 Ra8 26. Rc2 Bf7
27. f4 Bg6 28. fxe5+ Kg8 29. Rcf2 Rdd8 30. Nxb7 Rf8 31. Rxf8+ Rxf8 32. Rxf8+
Kxf8 33. Nxa5 Bb1 34. a3 Be4 35. Nb7 Ke7 36. Nd6 Bd5 37. b4 Ke6 38. Kf2 Kxe5
39. g3 g5 40. a4 Ke6 41. e4 Bb3 42. a5 Kd7 43. Ke3 Kc7 44. Kd4 Kb8 45. Ke5 Ka7
46. Kf6 Bc2 47. e5 1-0

[Event "Tournoi Skype 012B"]
[Site "Skype"]
[Date "????.??.??"]
[Round "7.9"]
[White "Raheja, Shiv"]
[Black "Porcabeuf, Jean-Marc"]
[Result "1-0"]
[WhiteElo "1334"]
[BlackElo "1324"]
[PlyCount "47"]

1. e4 e6 2. Nc3 d5 3. e5 c5 4. Nf3 Ne7 5. Bb5+ Nbc6 6. d4 Ng6 7. Bg5 Be7 8.
Bxe7 Qxe7 9. Ne2 O-O 10. c3 Nd8 11. O-O a6 12. Bd3 f6 13. Bxg6 hxg6 14. Qc2 f5
15. Qc1 Nf7 16. Nf4 Kh7 17. Qe3 Ng5 18. Nh4 Ne4 19. Nfxg6 Rf7 20. Nxe7 Rxe7 21.
dxc5 Bd7 22. Qh3 Rh8 23. Nxf5+ Kg8 24. Nxe7+ 1-0

[Event "Tournoi Skype 012B"]
[Site "Skype"]
[Date "????.??.??"]
[Round "7.10"]
[White "Hargez, Dany"]
[Black "Farthouat, Titoine"]
[Result "1-0"]
[WhiteElo "1472"]
[BlackElo "1164"]
[PlyCount "79"]

1. e4 e5 2. Nf3 d6 3. d4 exd4 4. Nxd4 c5 5. Nf3 Bg4 6. Bb5+ Nd7 7. O-O a6 8.
Be2 Ngf6 9. Ng5 h6 10. Bxg4 hxg5 11. Bxd7+ Qxd7 12. Bxg5 Nxe4 13. Re1 d5 14.
Nc3 Qe6 15. Nxd5 Bd6 16. Bf4 Rd8 17. Bxd6 Qxd6 18. Rxe4+ Kf8 19. g3 Qh6 20. Rh4
Qxh4 21. gxh4 Rxh4 22. Qf3 Rd4 23. Rd1 Rh4 24. Qe3 Re8 25. Qxc5+ Kg8 26. Rd4
Rh5 27. Ne7+ Kf8 28. Qxh5 Kxe7 29. Re4+ Kd8 30. Qd5+ Kc7 31. Qxf7+ Kc6 32. Rxe8
Kc5 33. Rc8+ Kd6 34. Qc7+ Kd5 35. Rd8+ Ke4 36. Qc4+ Ke5 37. Qd5+ Kf4 38. Rf8+
Kg4 39. Qf5+ Kh4 40. Rh8# 1-0

[Event "Tournoi Skype 012B"]
[Site "Skype"]
[Date "????.??.??"]
[Round "7.11"]
[White "Ouellet, Emile"]
[Black "Martin, Jean-Claude"]
[Result "1-0"]
[WhiteElo "1271"]
[BlackElo "1439"]
[PlyCount "61"]

1. e4 e5 2. Nf3 Nc6 3. Bc4 Bc5 4. O-O Nf6 5. Nc3 O-O 6. d3 d6 7. h3 h6 8. a3
Re8 9. Re1 a6 10. b4 Bd4 11. Bd2 Be6 12. Nxd4 Nxd4 13. Be3 Bxc4 14. dxc4 Nc6
15. f3 Ne7 16. Qd2 Kh7 17. Kh2 c6 18. Rad1 Nc8 19. c5 Re6 20. a4 b6 21. Rg1
bxc5 22. bxc5 Rb8 23. g4 g5 24. h4 Ng8 25. hxg5 hxg5 26. Rh1 f6 27. Kg3+ Nh6
28. Rh5 Kg6 29. Rdh1 Nf7 30. Qh2 Qf8 31. Rh7 1-0

[Event "Tournoi Skype 012B"]
[Site "Skype"]
[Date "????.??.??"]
[Round "7.12"]
[White "Rugman, Dan"]
[Black "Milanese, Serge"]
[Result "0-1"]
[WhiteElo "1418"]
[BlackElo "1339"]
[PlyCount "44"]

1. e4 e5 2. Nf3 Nc6 3. Bc4 Nf6 4. Ng5 d5 5. exd5 Nxd5 6. d4 Nxd4 7. Nxf7 Kxf7
8. O-O Ke8 9. Qh5+ g6 10. Qxe5+ Ne6 11. Bxd5 Bg7 12. Bg5 Bxe5 13. Bxd8 Kxd8 14.
Bxe6 Bxe6 15. Re1 Bxb2 16. Nc3 Bxa1 17. Rxa1 h5 18. Ne4 Bf5 19. Ng5 Ke7 20.
Re1+ Kf6 21. h4 Rae8 22. Rf1 Re2 0-1

[Event "Tournoi Skype 012B"]
[Site "Skype"]
[Date "????.??.??"]
[Round "7.13"]
[White "Vervoort, Jean-Louis"]
[Black "Paquay, Renaud"]
[Result "0-1"]
[WhiteElo "1306"]
[BlackElo "1399"]
[PlyCount "92"]

1. d4 d5 2. c4 dxc4 3. e4 Nc6 4. Nf3 e6 5. a3 Nf6 6. Nc3 Be7 7. Bxc4 O-O 8. O-O
Na5 9. Ba2 b6 10. h3 Ba6 11. Re1 Nb7 12. e5 Nd5 13. Nxd5 exd5 14. Qc2 Rc8 15.
Bb1 g6 16. Qa4 Na5 17. Ba2 Bc4 18. Bxc4 Nxc4 19. Qd1 c5 20. Bh6 Re8 21. Bc1
cxd4 22. Nxd4 Bc5 23. Nf3 f5 24. e6 Qf6 25. Ng5 h6 26. Nf3 Re7 27. Bxh6 Nxb2
28. Qc2 Rc6 29. Bg5 Qf8 30. Bxe7 Bxf2+ 31. Kxf2 Rxc2+ 32. Kf1 Qxe7 33. h4 Nd3
34. Re3 Rf2+ 35. Kg1 Qc5 36. Rxd3 Rxf3+ 37. Kh2 Rxd3 38. Re1 Qd6+ 39. Kg1 Kf8
40. Kf1 Ke7 41. Re2 Qf4+ 42. Ke1 Rxa3 43. Rf2 Ra1+ 44. Ke2 Ra2+ 45. Ke1 Qxf2+
46. Kd1 Ra1# 0-1

[Event "Tournoi Skype 012B"]
[Site "Skype"]
[Date "????.??.??"]
[Round "7.14"]
[White "Steenkamp, Brandt"]
[Black "Coruble, Didier"]
[Result "0-1"]
[WhiteElo "1285"]
[BlackElo "1378"]
[PlyCount "76"]

1. e4 Nf6 2. Nc3 c6 3. Nf3 d6 4. Bc4 e6 5. O-O b5 6. Bb3 a5 7. a4 b4 8. Na2
Nxe4 9. d3 Nc5 10. Re1 Nxb3 11. cxb3 Be7 12. h3 Nd7 13. d4 Nf6 14. Ng5 h6 15.
Nf3 Nd5 16. Qe2 Bf6 17. Rd1 Ba6 18. Qe1 Qe7 19. Bd2 Bd3 20. Rac1 Rc8 21. Bxb4
Nxb4 22. Nxb4 axb4 23. Qxb4 Be4 24. Nd2 Bd5 25. a5 O-O 26. a6 Rb8 27. Qa4 Qa7
28. Nc4 Be7 29. g3 f5 30. f4 g5 31. h4 gxf4 32. gxf4 Bxh4 33. Kh2 Rf7 34. Rg1+
Kh8 35. Kh3 Bf6 36. Rgd1 Rg8 37. Kh2 Bxd4 38. Rxd4 Qxd4 0-1

[Event "Tournoi Skype 012B"]
[Site "Skype"]
[Date "????.??.??"]
[Round "7.15"]
[White "Melin, Christiane"]
[Black "Prasad, Sanjay"]
[Result "1-0"]
[WhiteElo "1130"]
[BlackElo "1382"]
[PlyCount "23"]

1. e4 d6 2. d4 c6 3. Nf3 e5 4. dxe5 dxe5 5. Qxd8+ Kxd8 6. Nxe5 Bd6 7. Nxf7+ Ke8
8. Nxd6+ Kf8 9. Nxc8 Nd7 10. Nd6 Ndf6 11. e5 Nd5 12. Nxb7 1-0

[Event "Tournoi Skype 012B"]
[Site "Skype"]
[Date "????.??.??"]
[Round "7.16"]
[White "Lecluyse, Koenraad"]
[Black "Lequeux, Pierre"]
[Result "0-1"]
[WhiteElo "1157"]
[BlackElo "1176"]
[PlyCount "62"]

1. d4 d5 2. Nf3 Nf6 3. Bf4 e6 4. e3 c6 5. Bd3 Nbd7 6. O-O c5 7. c3 c4 8. Bc2
Nh5 9. Bg5 Be7 10. Bxe7 Qxe7 11. Nbd2 b5 12. a3 O-O 13. e4 Ndf6 14. exd5 Nxd5
15. Be4 Nhf6 16. Ne5 Nxe4 17. Nxe4 f6 18. Nf3 Bb7 19. Ned2 e5 20. dxe5 fxe5 21.
Re1 Nf4 22. Rxe5 Qf6 23. Rxb5 Qg6 24. g3 Nh3+ 25. Kg2 Bxf3+ 26. Nxf3 Ng5 27.
Nxg5 Qc6+ 28. Rd5 Rf5 29. Qd2 Rxd5 30. Qe3 Rxg5+ 31. Kf1 Qh1+ 0-1

[Event "Tournoi Skype 012B"]
[Site "Skype"]
[Date "????.??.??"]
[Round "7.17"]
[White "Ruiz Gomez, Luz Alba"]
[Black "Baker, Abi"]
[Result "1-0"]
[WhiteElo "1399"]
[BlackElo "1129"]
[PlyCount "81"]

1. e4 e6 2. d4 d5 3. e5 c5 4. c3 Nc6 5. Nf3 Qb6 6. Be2 f6 7. O-O Bd7 8. b3
O-O-O 9. Bf4 h6 10. Nbd2 g5 11. Bg3 h5 12. exf6 Nxf6 13. Nxg5 cxd4 14. Nf7 Rh7
15. Nxd8 Nxd8 16. Be5 Ng4 17. Bxg4 hxg4 18. Qxg4 dxc3 19. Nf3 Nf7 20. Qg6 Rh6
21. Qxf7 Bd6 22. Qg8+ Kc7 23. Qg5 Rh7 24. Qg6 Re7 25. Rac1 Bb5 26. Rfe1 Kc6 27.
Nd4+ Kc5 28. Rxc3+ Bc4 29. bxc4 dxc4 30. Nb3+ Kb4 31. Qb1 Bxe5 32. Nc5+ Kxc3
33. Qc1+ Kb4 34. Ne4 Ka5 35. Qa3+ Kb5 36. Rb1+ Kc6 37. Rxb6+ axb6 38. Qxe7 Kd5
39. f3 Bd4+ 40. Kf1 Ke5 41. Qg5# 1-0

[Event "Tournoi Skype 012B"]
[Site "Skype"]
[Date "????.??.??"]
[Round "7.18"]
[White "Armingaud, Jean-Claude"]
[Black "Gharbi, Said"]
[Result "0-1"]
[WhiteElo "1189"]
[BlackElo "1395"]
[PlyCount "64"]

1. e4 e5 2. Nf3 Nf6 3. Nc3 Bc5 4. Nxe5 Bd4 5. Nf3 Bxc3 6. dxc3 Nxe4 7. Qd4 Nf6
8. Bg5 Nc6 9. Qe3+ Ne7 10. Bc4 O-O 11. O-O-O Ng4 12. Qe2 c6 13. Bxe7 Qe8 14.
Rhf1 Kh8 15. Bxf8 Qxf8 16. h3 Nf6 17. Bd3 d5 18. Rde1 Be6 19. c4 Re8 20. Qd2
dxc4 21. Bxc4 Bxc4 22. Rxe8 Qxe8 23. Re1 Qb8 24. Re7 Bxa2 25. Rxf7 Bxf7 26. Ng5
Bd5 27. Qe3 h6 28. Nf3 Bc4 29. Ne5 Bf1 30. Qg3 Qe8 31. Ng6+ Kh7 32. Nh4 Qe1#
0-1

[Event "Tournoi Skype 012B"]
[Site "Skype"]
[Date "????.??.??"]
[Round "7.19"]
[White "Alverson, Ginny"]
[Black "Talbot, Jean"]
[Result "1-0"]
[WhiteElo "1244"]
[BlackElo "1000"]
[PlyCount "39"]

1. Nf3 d5 2. d4 Nf6 3. e3 e6 4. Bd3 Bd6 5. O-O O-O 6. Nbd2 Re8 7. c4 Nc6 8. c5
Nb4 9. Qb3 Nxd3 10. Qxd3 Be7 11. Ne5 Bd7 12. Ndf3 c6 13. Ng5 Rf8 14. Bd2 h6 15.
Ngxf7 Rxf7 16. Qg6 Bf8 17. Qxf7+ Kh7 18. Qg6+ Kg8 19. e4 dxe4 20. Bxh6 1-0

[Event "Tournoi Skype 012B"]
[Site "Skype"]
[Date "????.??.??"]
[Round "7.20"]
[White "Farthouat, Catherine"]
[Black "Martin, Elise"]
[Result "0-1"]
[WhiteElo "1000"]
[BlackElo "1222"]
[PlyCount "92"]

1. e4 c5 2. Nf3 a6 3. g3 Nc6 4. Bg2 Nf6 5. O-O d6 6. d3 e5 7. Bg5 Be7 8. h3 O-O
9. Nc3 Qb6 10. Rb1 c4 11. dxc4 Nd4 12. Nxd4 exd4 13. Na4 Qa7 14. Qd2 b5 15. e5
dxe5 16. Bxa8 Qxa8 17. Nb6 Qb8 18. Bxf6 Bxf6 19. Nd5 Bd8 20. f4 Bxh3 21. Rf3
bxc4 22. fxe5 Qb7 23. Qxd4 Bg5 24. g4 Qd7 25. Rxh3 h6 26. Nf6+ Bxf6 27. exf6
Qxd4+ 28. Kg2 Qxf6 29. Rbh1 Qd6 30. g5 Qg6 31. Rg3 Qe4+ 32. Kg1 Qd4+ 33. Kg2 f6
34. gxh6 Re8 35. hxg7 Re2+ 36. Kh3 Qe5 37. Kg4 Qe4+ 38. Kh3 Qxh1+ 39. Kg4 Kxg7
40. Kf4+ Kf7 41. Rc3 Qh7 42. Kf3 Re6 43. Rxc4 Qf5+ 44. Kg3 Re3+ 45. Kg2 Qf3+
46. Kh2 Qg3+ 0-1

[Event "Tournoi Skype 012B"]
[Site "Skype"]
[Date "????.??.??"]
[Round "7.21"]
[White "Gagnon, Sindy"]
[Black "Lemoine, Gerard"]
[Result "0-1"]
[WhiteElo "1003"]
[BlackElo "1040"]
[PlyCount "76"]

1. d4 d5 2. e3 e6 3. Nf3 Bd6 4. Bd3 f5 5. O-O c6 6. Re1 Qb6 7. c3 Nd7 8. Nbd2
c5 9. Qc2 Nh6 10. b3 a5 11. Ba3 Qc7 12. c4 Ng4 13. h3 Bh2+ 14. Kf1 h5 15. hxg4
hxg4 16. Ng1 Bxg1 17. Kxg1 Qh2+ 18. Kf1 Qh1+ 19. Ke2 Qxg2 20. Rf1 Rh2 21. Nf3
Qxf3+ 22. Ke1 g3 23. Kd2 Rxf2+ 24. Rxf2 gxf2 25. Be2 Qg2 26. Qd1 Nf6 27. Bxc5
Ne4+ 28. Kc2 Ng3 29. Bd3 f1=Q+ 30. Kc3 Ne2+ 31. Bxe2 Qfxe2 32. Qb1 Qxe3+ 33.
Qd3 Qge2 34. b4 axb4+ 35. Bxb4 dxc4 36. Kxc4 Q2xd3+ 37. Kc5 Qdxd4+ 38. Kb5 Bd7#
0-1

[Event "Tournoi Skype 012B"]
[Site "Skype"]
[Date "????.??.??"]
[Round "7.22"]
[White "Rival, Jocelyn"]
[Black "Pedneault, Anne-Frederique"]
[Result "1-0"]
[WhiteElo "1114"]
[BlackElo "1102"]
[PlyCount "39"]

1. e4 e5 2. Nf3 Nc6 3. Nc3 Nf6 4. d3 Bb4 5. Bd2 O-O 6. Nd5 Bxd2+ 7. Qxd2 d6 8.
c3 Be6 9. d4 Nxd5 10. exd5 Bxd5 11. Bd3 exd4 12. Nxd4 Re8+ 13. Ne2 Bxg2 14. Rg1
Bf3 15. O-O-O Bd5 16. b3 a6 17. Bc2 b5 18. Nd4 Be4 19. Nxc6 Qe7 20. Nxe7+ 1-0

[Event "Tournoi Skype 012B"]
[Site "Skype"]
[Date "????.??.??"]
[Round "7.23"]
[White "Coude, Josue"]
[Black "Marty, Yvette"]
[Result "1-0"]
[WhiteElo "1097"]
[BlackElo "1000"]
[PlyCount "79"]

1. e4 e5 2. Nf3 Nc6 3. Bc4 d6 4. d3 Bg4 5. h3 Qf6 6. hxg4 Qe7 7. Bg5 Qd7 8. Rh4
h6 9. Be3 Nf6 10. g5 Nh7 11. gxh6 gxh6 12. Nc3 Rg8 13. g3 O-O-O 14. Bxh6 Be7
15. Rh1 Nf6 16. Bxf7 Rh8 17. Nd5 Nxd5 18. Bxd5 Nd4 19. Nxd4 exd4 20. f4 c6 21.
Bf7 Rdf8 22. Bb3 c5 23. f5 Rhg8 24. Bxg8 Rxg8 25. Rg1 Rh8 26. Bg7 Rg8 27. Qg4
Qe8 28. O-O-O Qa4 29. f6+ Kc7 30. fxe7 Re8 31. Qe6 Kb6 32. Qf7 Qxa2 33. Qxe8
Qa1+ 34. Kd2 Qxb2 35. Rc1 Qb4+ 36. c3 dxc3+ 37. Rxc3 c4 38. dxc4 Qc5 39. Rf1
Qd4+ 40. Bxd4+ 1-0